000 00525nam a2200193Ia 4500
005 20250508161938.0
008 008 250505s9999 xx 000 0 eng d
037 _aBooks to be hide in OPAC
040 _aFEDL
_beng
_cFEDL
041 _aeng
_2eng
084 _a306, MUK/O
_qFEDL
100 _aMukerjee Radhakamal
245 0 _aSymbolic life of man
260 _aBombay, India
_bHind Kitabs Ltd
_c1959
300 _axii,294p.
365 _aINR
_b15
942 _cHB
_h306, MUK/O
999 _c1373420
_d1373420